| 000 | 00606nam a22001937a 4500 | ||
|---|---|---|---|
| 003 | OSt | ||
| 005 | 20260203085739.0 | ||
| 008 | 260203b |||||||| |||| 00| 0 eng d | ||
| 020 | _a13: 978-007-125911-8. | ||
| 040 |
_aDWC-Main lib _cOC |
||
| 082 |
_26th edition _aCirc. 155.2 F311t 2006 |
||
| 100 | _aFeist, Jess | ||
| 245 |
_aTheories of personality 6th ed. _cJess Feist |
||
| 260 |
_aSingapore : _bMc-Graw-Hill Education (Asia), _cc2006 |
||
| 300 |
_axx, various paging : _billustration ; _c23 cm. |
||
| 650 | _a1. Personality. | ||
| 700 | _aFeist, Gregory J. | ||
| 942 |
_2ddc _cBK-CIRC _e6th ed. _kCirc. _n0 |
||
| 999 |
_c8231 _d8231 |
||